'S' Girl Names (2015) Quiz Stats

Quiz not verified by Sporcle

Challenge
Share
Tweet
Embed
Score 0/42 Timer 10:00
0 Plays Today
Rank Name % Correct
58.Sarah
95.4%
40.Samantha
94.1%
3.Sophia
90.8%
104.Sophie
89.2%
52.Sadie
85.7%
831.Sandra
85.7%
51.Stella
84.9%
929.Susan
81.1%
208.Stephanie
80.1%
38.Savannah
79.8%
977.Sharon
73.9%
411.Serena
73.6%
355.Sabrina
71.7%
321.Selena
70.9%
408.Sierra
70.9%
229.Sienna
69%
122.Sydney
67.1%
385.Skye
65.8%
22.Scarlett
64.2%
484.Sylvia
62.5%
542.Sasha
62%
Rank Name % Correct
42.Skylar
61.7%
71.Serenity
59%
299.Shelby
57.4%
195.Summer
50.9%
800.Shayla
49.1%
557.Skyla
48.5%
821.Simone
43.4%
370.Sage
42.9%
634.Samara
40.4%
327.Sloane
40.2%
260.Sawyer
33.2%
606.Shiloh
24.8%
608.Saylor
24.3%
797.Salma
22.9%
440.Sarai
21.6%
883.Sariah
18.1%
479.Selah
17.3%
988.Stevie
17.3%
935.Saniyah
12.9%
672.Sutton
12.7%
909.Sarahi
8.4%

You're not logged in!

Compare scores with friends on all Sporcle quizzes.
Sign Up with Email
OR
Log In

You Might Also Like...

Show Comments

Extras

Top Quizzes Today


Score Distribution

Your Account Isn't Verified!

In order to create a playlist on Sporcle, you need to verify the email address you used during registration. Go to your Sporcle Settings to finish the process.